| 000 | 00514nab a2200205 a 4500 | ||
|---|---|---|---|
| 001 | 32331 | ||
| 003 | 98269 | ||
| 005 | 20201118100843.0 | ||
| 008 | ||||||n9999 ||| || || | ||
| 100 | _aLozano y Lozano, Juan | ||
| 245 | 0 | _aElogio del libro | |
| 260 |
_aBogotá : _bColcultura, _c1973. |
||
| 300 | _a35-39 | ||
| 562 | _e0 | ||
| 650 | _aMEDIOS DE COMUNICACIÓN | ||
| 650 | _aMEDIOS DE ENSEÑANZA | ||
| 650 | _aSERVICIOS DE INFORMACION | ||
| 773 |
_0237 _aEl libro en Colombia : |
||
| 942 | _cANADG | ||
| 999 |
_c32331 _d32331 |
||